Finance for Growth: (Record no. 4707)

000 -LEADER
fixed length control field 00431nam a22001337a 4500
008 - FIXED-LENGTH DATA ELEMENTS--GENERAL INFORMATION
fixed length control field 161125b xxu||||| |||| 00| 0 eng d
020 ## - INTERNATIONAL STANDARD BOOK NUMBER
International Standard Book Number 0-19-521605-9
082 ## - DEWEY DECIMAL CLASSIFICATION NUMBER
Classification number 658.15 WOR
245 ## - TITLE STATEMENT
Title Finance for Growth:
Remainder of title Policy Choices in a Volatile World/
Statement of responsibility, etc. The World Bank.-
Medium English.
260 ## - PUBLICATION, DISTRIBUTION, ETC. (IMPRINT)
Place of publication, distribution, etc. Washington,D.C:
Name of publisher, distributor, etc. Oxford University Press,
Date of publication, distribution, etc. 2001.
300 ## - PHYSICAL DESCRIPTION
Extent 211p.;
Other physical details Ill.;
Dimensions 24cm.-
650 ## - SUBJECT ADDED ENTRY--TOPICAL TERM
Source of heading or term Financial Management
942 ## - ADDED ENTRY ELEMENTS (KOHA)
Source of classification or shelving scheme
Koha item type BOOKS
Holdings
Withdrawn status Lost status Source of classification or shelving scheme Damaged status Not for loan Home library Current library Date acquired Total Checkouts Full call number Barcode Date last seen Price effective from Koha item type
          Mwanza Mwanza 25/11/2016   658.15 WOR 10000000299 25/11/2016 25/11/2016 BOOKS
          Mwanza Mwanza 25/11/2016   658.15 WOR 10000000300 25/11/2016 25/11/2016 BOOKS

IRDP © 2019 :: Managed by IRDP ICT Unit